Normal view MARC view
  • Courtship and dating / finding a partner

Entry Topical Term

Number of records used in: 1

001 - CONTROL NUMBER

  • control field: 8945

003 - CONTROL NUMBER IDENTIFIER

  • control field: JRU

005 - DATE AND TIME OF LATEST TRANSACTION

  • control field: 20260408112834.0

008 - FIXED-LENGTH DATA ELEMENTS

  • fixed length control field: 260408|| aca||aabn | a|a d

040 ## - CATALOGING SOURCE

  • Original cataloging agency: JRU
  • Transcribing agency: JRU

150 ## - HEADING--TOPICAL TERM

  • Topical term or geographic name as entry element: Courtship and dating / finding a partner

670 ## - SOURCE DATA FOUND

  • Source citation: Work cat.: (JRU)4179: Greenwald, Rachel 2884, The Program, 2004